000 00751nam a22001817a 4500
999 _c3930
_d3930
003 AR-CdUCM
008 190307b ||||| |||| 00| 0 spa d
040 _aMUNICIPALIDAD PROVINCIAL DEL CUSCO
_cBIBLIOTECA MUNICIPAL DEL CUSCO
082 _a869.5 /
_bL97
100 _aLuza, Segisfredo
_912593
245 _aSiete retratos interiores /
260 _aLima :
_bP. L. Villanueva,
_c1990.
300 _a109 paginas ;
_c20 cm.
505 _aDiagnostico de una frustración -- Belaunde unamuno y la esperanza -- Kierkegaard: genio y melancolía -- Don quijote ¿enfermo mental, místico desesperado o héroe -- El desgarramiento y el ámbito de la transferencia comunicativa en vallejo.
710 _aCONCYTEC
_92809
942 _2ddc
_cLIBROS
945 _awnts